000 00543nam a2200169Ia 4500
005 20250508155950.0
008 008 250505s9999 xx 000 0 eng d
037 _aBooks to be hide in OPAC
040 _aFEDL
_beng
_cFEDL
041 _aeng
_2eng
084 _a378.32747, CAR/O
_qFEDL
245 0 _aCarnegie foundation for the advancement of teaching : Twenty-first annual report of the president and of the treasurer
260 _c1926
300 _a250p.
942 _cHB
_h378.32747, CAR/O
999 _c1360516
_d1360516